| 000 | 01109nam a22002537a 4500 | ||
|---|---|---|---|
| 001 | 127 | ||
| 003 | FISKH | ||
| 005 | 20230302133011.0 | ||
| 008 | 230228b cb ||||| |||| 00| 0 eng d | ||
| 020 | _a9780545784191 | ||
| 040 |
_aFISKH _cFISKH _beng |
||
| 050 | _aPZ7.N647 B | ||
| 082 | _a813.6 | ||
| 100 | 1 | _aNix, Garth; Williams, Sean. | |
| 245 | 1 | 0 | _aBlood Ties (Spirit Animals Book 3). |
| 260 |
_aNew York _bScholastic _c2014 |
||
| 300 |
_a186 p. _c20 cm. |
||
| 490 |
_aSpirit Animals _vv. 3 |
||
| 505 | _aM | ||
| 520 | _aThe adventure continues in this third book in the New York Times bestselling series.Erdas is a land of balance. A rare link, the spirit animal bond, bridges the human and animal worlds. Conor, Abeke, Meilin, and Rollan each have this gift-and the grave responsibility that comes with it. But the Conquerors are trying to destroy this balance. They're swallowing whole cities in their rush for power-including Meilin's home. Fed up with waiting and ready to fight, Meilin has set off into enemy territory | ||
| 521 | 8 |
_a800
_bLexile |
|
| 521 | 8 |
_aM _bRaz-Plus |
|
| 942 |
_2ddc _cBK |
||
| 999 |
_c127 _d127 |
||